Women with intellectual disabilities: Challenges and issues (Record no. 393805)

MARC details
000 -LEADER
fixed length control field 00591 a2200205 4500
005 - DATE & TIME
control field 20251227111817.0
008 - FIXED-LENGTH DATA ELEMENTS--GENERAL INFORMATION
fixed length control field 251227b |||||||| |||| 00| 0 eng d
020 ## - ISBN
International Standard Book Number 9789349202399
Price Rs. 600.00
040 ## - CATALOGING SOURCE
Original cataloging agency VIVEKANANDA LIBRARY
082 ## - DDC NUMBER
Classification number 305.9082
Book Number S23W
100 ## - MAIN ENTRY--PERSONAL NAME
Personal name Sharma, Baharti
245 ## - TITLE STATEMENT
Title Women with intellectual disabilities: Challenges and issues
260 ## - PUBLICATION, DISTRIBUTION, ETC. (IMPRINT)
Name of publisher, distributor, etc V R Book International
Date of publication, distribution, etc 2025
Place of publication, distribution, etc New Delhi
300 ## - PHYSICAL DESCRIPTION
Pages x, 157
650 ## - Subject
Subject Social Groups
650 ## - Subject
Subject People with Disabilities
650 ## - Subject
Subject Intellectual Disabilities-Women
700 ## - Added Entry Personal Name
Added Entry Personal Name Ojha, Laxmipriya
942 ## - ADDED ENTRY ELEMENTS (KOHA)
Koha item type Books
Holdings
Withdrawn status Lost status Source of classification or shelving scheme Damaged status Not for loan Location (home branch) Sublocation or collection (holding branch) Shelving location Date acquired Koha issues (times borrowed) Koha full call number Accession No. Koha date last seen Koha item type
    Dewey Decimal Classification     VIVEKANANDA LIBRARY VIVEKANANDA LIBRARY Centre for Disability Studies 03/12/2025   305.9082 S23W 443452 03/12/2025 Books
    Dewey Decimal Classification     VIVEKANANDA LIBRARY VIVEKANANDA LIBRARY Centre for Disability Studies 03/12/2025   305.9082 S23W 443453 03/12/2025 Books
    Dewey Decimal Classification     VIVEKANANDA LIBRARY VIVEKANANDA LIBRARY Centre for Disability Studies 03/12/2025   305.9082 S23W 443454 03/12/2025 Books
© Designed and Maintained by Vivekananda Library, MDU Rohtak